English for academic purposes. A guide and resource book for teachers

I tiakina i:
Ngā taipitopito rārangi puna kōrero
Kaituhi matua: Jordan, R. R (Author)
Hōputu: Pukapuka
Reo:Ingarihi
I whakaputaina: Nueva York Cambridge University Press 1997
Putanga:1a. ed
Rangatū:Language Teaching Library
Ngā marau:
Ngā Tūtohu: Tāpirihia he Tūtohu
Kāore He Tūtohu, Me noho koe te mea tuatahi ki te tūtohu i tēnei pūkete!

MARC

LEADER 00000nam a2200000 a 4500
001 UCG6017
003 CL-VaPUC
008 110331e19970000US |||||||||||||||||eng|d
020 |a 9780521556187 
082 0 4 |a 428  |b JOR  |2 21 
100 0 |a Jordan, R. R  |e author  |9 556013 
245 1 0 |a English for academic purposes. A guide and resource book for teachers 
250 |a 1a. ed 
300 |a 404 p 
942 |c BK 
945 |d 20110331 00:00:00  |a jcampos 
260 |a Nueva York  |b Cambridge University Press  |c 1997 
650 0 |a Gramática inglesa  |9 392981 
650 0 |a Expresión oral  |9 334815 
650 0 |a Expresión escrita  |9 334816 
650 0 |a Comprensión de lectura  |9 307588 
650 0 |a Lingüística  |9 265068 
583 |a last modification  |c 20110331 00:00:00  |k Rodrigo Vera 
490 0 |a Language Teaching Library 
999 |c 344339  |d 344337 
952 |0 0  |1 0  |4 0  |6 428_000000000000000_JOR_1997  |7 0  |8 A  |9 442261  |a BIBEDU  |b BIBEDU  |d 2019-11-22  |i 4760042  |o 428 JOR 1997  |p 4760042  |r 2019-11-22  |w 2019-11-22  |y BK  |k LIT